Environmental degradation in Jacobean drama
Guardat en:
| Autor principal: | |
|---|---|
| Format: | Llibre |
| Idioma: | anglès |
| Publicat: |
Cambridge University Press
2013
|
| Etiquetes: |
Afegir etiqueta
Sense etiquetes, Sigues el primer a etiquetar aquest registre!
|
MARC
| LEADER | 00000nam a22000007a 4500 | ||
|---|---|---|---|
| 008 | 210906b ||||| |||| 00| 0 eng d | ||
| 020 | |a 9781107023154 | ||
| 100 | |a BOEHRER, Bruce | ||
| 245 | |a Environmental degradation in Jacobean drama |c Bruce Boehrer |g 216p. | ||
| 260 | |b Cambridge University Press |c 2013 |h New York |i 696962 |i 696963 |l PR678.E58B63 |m English drama-17th century-History and Criticism |m Environmental degradation in literature |m Human ecology in literature | ||
| 500 | |a It includes bibliography and index | ||
| 942 | |a lcc |c BK |e Kuteyi, M.A. |f 6/9/2021 | ||
| 952 | |0 0 |1 0 |2 lcc |4 0 |6 PR0678 E58 B65 |7 0 |9 3399 |a HOL |b ART |c LP |d 2021-09-06 |l 0 |o PR678.E58B65 |p 2021-67107 |r 2021-09-06 00:00:00 |t 696962 |w 2021-09-06 |y BK | ||
| 952 | |0 0 |1 0 |2 lcc |4 0 |6 PR0678 E58 B65 |7 0 |9 3400 |a HOL |b HOL |c LP |d 2021-09-06 |l 0 |o PR678.E58B65 |p 2021-67108 |r 2021-09-06 00:00:00 |t 696963 |w 2021-09-06 |y BK | ||
| 952 | |0 0 |1 0 |2 lcc |4 0 |6 PR0678 E58 B65 |7 0 |9 4276 |a HOL |b ART |c LP |d 2023-07-10 |l 0 |o PR678.E58B65 |p 2023-0203 |r 2023-07-10 00:00:00 |t 700279 |w 2023-07-10 |y BK | ||
| 952 | |0 0 |1 0 |2 lcc |4 0 |6 PR0678 E58 B65 |7 0 |9 4277 |a HOL |b HOL |c LP |d 2023-07-10 |l 0 |o PR678.E58B65 |p 2023-0204 |r 2023-07-10 00:00:00 |t 700280 |w 2023-07-10 |y BK | ||
| 999 | |c 1691 |d 1691 | ||